Top 5 comuni più popolosi per provincia - Marche - Statistics

Statistiche generali
  • Questo quiz è stato fatto 87 volte
  • Il punteggio medio è 17 su 25
Statistiche sulle risposte
Provincia Comune N° abitanti % Corretto
Ancona Ancona 99.239
98%
Ascoli Piceno 45.483
98%
Fermo Fermo 35.893
98%
Macerata 40.553
98%
Pesaro Urbino Pesaro 95.580
98%
Ascoli Piceno San Benedetto del Tronto 47.034
96%
Fano 59.963
92%
Urbino 13.839
92%
Senigallia 44.053
90%
Jesi 39.399
86%
Porto San Giorgio 15.617
86%
Porto Sant'Elpidio 25.932
86%
Macerata Civitanova Marche 42.000
82%
Fabriano 28.828
78%
Recanati 20.696
69%
Osimo 34.844
63%
Grottammare 15.890
59%
Tolentino 17.760
47%
Mondolfo 14.368
39%
Sant'Elpidio a Mare 16.505
39%
Potenza Picena 15.503
37%
Montegranaro 12.500
33%
Monteprandone 13.051
31%
Vallefoglia 15.051
25%
Folignano 8.739
16%
Nessun quiz corrispondente trovato
Distribuzione punteggi
Percentuale di utenti per punteggio
Percentile per numero di risposta
I tuoi punteggi nel tempo
Non hai fatto questo quiz